O stavu evropského bankovního středního managementu

Kongres európskych bankových odborov sa konal v máji 2006 v Ríme. Medzinárodná spolupráca v rámci projektu Competence. Projekt bol zameraný na postavenie stredného bankového manažmentu (middle management). Stredný manažment a jeho úloha v bankách. Obraz českého stredného bankového manažmentu. Európs...

Descrizione completa

Salvato in:
Dettagli Bibliografici
Autore principale: Bartošová, Markéta
Natura: Capitolo di libro
Lingua:ceco
Soggetti:
Tags: Aggiungi Tag
Nessun Tag, puoi essere il primo ad aggiungerne!!

MARC

LEADER 00000naa$a2200000$$$4500
001 0045293
005 20231010090024.9
041 0 |a cze 
044 |a CZ 
245 1 0 |a O stavu evropského bankovního středního managementu  |c Markéta Bartošová 
520 |a Kongres európskych bankových odborov sa konal v máji 2006 v Ríme. Medzinárodná spolupráca v rámci projektu Competence. Projekt bol zameraný na postavenie stredného bankového manažmentu (middle management). Stredný manažment a jeho úloha v bankách. Obraz českého stredného bankového manažmentu. Európska komisia a cezhraničný pohyb pracovných síl. Odbory a ich zastúpenie v bankách v Českej republike. 
610 2 0 |a manažment 
610 2 0 |a banky 
610 2 0 |a Česko 
610 2 0 |a odbory 
610 2 0 |a pohyb síl pracovných medzinárodný 
610 2 0 |a kongresy 
610 2 0 |a projekty 
610 2 0 |a Rím 
610 2 0 |a 2006 
100 1 |a Bartošová, Markéta